| 000 | 00402nam a2200121 a 4500 | ||
|---|---|---|---|
| 005 | 20140414131936.0 | ||
| 008 | 110120s19uu xx 00 eng d | ||
| 050 |
_aREF 904.5 _bM71 2006 |
||
| 245 |
_aMother Nature goes nuts! : _bamazing natural disasters / _c[by the editors of Klutz]. |
||
| 260 |
_aPalo Alto, CA : _bKlutz, _cc2006. |
||
| 650 | _aNatural disasters --Juvenile literature. | ||
| 999 |
_c112459 _d112459 |
||